Poverty reduction and redistribution in Sixth Plan (Record no. 15886)

000 -LEADER
fixed length control field 00447pab a2200157 454500
008 - FIXED-LENGTH DATA ELEMENTS--GENERAL INFORMATION
fixed length control field 180718b1983 xxu||||| |||| 00| 0 eng d
100 ## - MAIN ENTRY--PERSONAL NAME
Personal name Sundaram, K.
245 ## - TITLE STATEMENT
Title Poverty reduction and redistribution in Sixth Plan
Remainder of title Population factor and rural - urban equity
260 ## - PUBLICATION, DISTRIBUTION, ETC.
Date of publication, distribution, etc. 1983
300 ## - PHYSICAL DESCRIPTION
Extent 1617-32
362 ## - DATES OF PUBLICATION AND/OR SEQUENTIAL DESIGNATION
Dates of publication and/or sequential designation 17 Sept.
650 ## - SUBJECT ADDED ENTRY--TOPICAL TERM
Topical term or geographic name entry element Poverty - India
700 ## - ADDED ENTRY--PERSONAL NAME
Personal name S.D.Tendulkar
773 ## - HOST ITEM ENTRY
Main entry heading Economic and Political Weekly
909 ## -
-- 15886
Holdings
Withdrawn status Lost status Damaged status Not for loan Permanent Location Current Location Date acquired Serial Enumeration / chronology Barcode Date last seen Price effective from Koha item type
        Indian Institute of Public Administration Indian Institute of Public Administration 2018-07-19 Volume no: 18, Issue no: 38 AR15943 2018-07-19 2018-07-19 Articles

Powered by Koha